Central Library OPAC University of Rajshahi

Advanced financial accounting / (Record no. 15164)

MARC details
000 -LEADER
fixed length control field 00884cam a2200289 a 4500
001 - CONTROL NUMBER
control field 15164
003 - CONTROL NUMBER IDENTIFIER
rucl marc code BD-RjUL
005 - DATE AND TIME OF LATEST TRANSACTION
control field 20211208235749.0
008 - FIXED-LENGTH DATA ELEMENTS--GENERAL INFORMATION
fixed length control field 140209s1989 enk b 001 0 eng
020 ## - INTERNATIONAL STANDARD BOOK NUMBER
International Standard Book Number 0070841829 :
035 ## - SYSTEM CONTROL NUMBER
System control number (BD-RjUL)15218
040 ## - CATALOGING SOURCE
Original cataloging agency DLC
Transcribing agency DLC
Modifying agency DLC
-- BD-RjUL
Language of cataloging eng
041 ## - LANGUAGE CODE
Language code of text/sound track or separate title eng
082 00 - DEWEY DECIMAL CLASSIFICATION NUMBER
Classification number 657.046
Edition number 19
Author mark and year SAA 1989
100 1# - MAIN ENTRY--PERSONAL NAME
Personal name Samuels, J. M.
Fuller form of name (John Malcolm),
Dates associated with a name 1938-
9 (RLIN) 47180
245 10 - TITLE STATEMENT
Title Advanced financial accounting /
Statement of responsibility, etc. John Samuels, Colin Rickwood, Andrew Piper.
250 ## - EDITION STATEMENT
Edition statement 2nd ed.
260 ## - PUBLICATION, DISTRIBUTION, ETC. (IMPRINT)
Place of publication, distribution, etc. London ;
-- New York :
Name of publisher, distributor, etc. McGraw-Hill Book Co. (UK),
Date of publication, distribution, etc. c1989.
300 ## - PHYSICAL DESCRIPTION
Pagination ix, 354 p. ;
Size 25 cm.
504 ## - BIBLIOGRAPHY, ETC. NOTE
Bibliography, etc Includes bibliographical references and index.
650 #0 - SUBJECT ADDED ENTRY--TOPICAL TERM
Topical term or geographic name as entry element Accounting.
9 (RLIN) 47181
700 1# - ADDED ENTRY--PERSONAL NAME
Personal name Rickwood, Colin.
Personal name Piper, Andrew.
942 ## - ADDED ENTRY ELEMENTS (KOHA)
Source of classification or shelving scheme Dewey Decimal Classification
Koha item type Books
Holdings
Lost status Source of classification or shelving scheme Damaged status Not for loan Collection code Permanent Location Current Location Shelving location Date acquired Source of acquisition Cost, normal purchase price Total Checkouts Full call number Date last seen Date checked out Copy number Koha item type
  Dewey Decimal Classification     Non-fiction Central Library, University of Rajshahi Central Library, University of Rajshahi   30/06/1999 Dhaka, Aligarh Library. 12.75 1 657.046 SAA 1989 09/05/2018 19/04/2018 C-3 Books
  Dewey Decimal Classification   Not For Loan Non-fiction Central Library, University of Rajshahi Central Library, University of Rajshahi Reading Room 30/06/1999 Aligorh Library, Rajshahi 12.75   657.046 SAA 1989 21/12/2016   C-1 Books
  Dewey Decimal Classification     Non-fiction Central Library, University of Rajshahi Central Library, University of Rajshahi   30/06/1999 Ali garh library, rajshahi 12.75   657.046 SAA 1989 06/04/2019   C-2 Books